000 00872nam a2200253 i 4500
001 bg
100 1 _aTowpik, Kazimierz.
245 1 0 _aInfrastruktura transportu kolejowego /
_cKazimierz Towpik.
260 _aWarszawa :
_bOficyna Wydawnicza Politechniki Warszawskiej,
_c2004.
300 _a260 s., [2] k. tabl. luz. :
_bfot., mapy, rys., wykr. ;
_c24 cm.
504 _aBibliogr. s. 242-244.
521 _aDla studentów specjalności Organizacja i Technologia Transportu.
650 9 _aKolejnictwo
_xinfrastruktura
655 _aPodręczniki akademickie
020 _a8372074539
040 _cBPK
041 0 _apol
044 _aPOL
080 _a656.2:338.49](075.8)
920 _a83-7207-453-4
942 _cKS
008 s pl f |000 0 pol
999 _c54844
_d54844
856 _uhttp://koha.tu.koszalin.pl/cgi-bin/koha/opac-detail.pl?biblionumber=54844
_yKatalog online BPK